Statistics for Countries Who Have Hosted The Summer Olympics And Won The Football World Cup

Click here to take the quiz!

General Stats

  • This quiz has been taken 50 times
  • The average score is 5 of 6

Answer Stats

Answer% Correct
Brazil
93%
France
89%
Germany
89%
Italy
82%
England
80%
Spain
73%

Score Distribution

Percentile by Number Answered

Percent of People with Each Score

Your Score History

You have not taken this quiz